000 00917nam a2200301Ia 4500
003 OSt
005 20221007123733.0
006 a|||||r|||| 00| 0
007 ta
008 221006b |||||||| |||| 00| 0 eng d
020 _a0716743744 (hbd)
024 _a9724
037 _bDhanraj,
_cTextual
040 _aCDL
_cCDL
_beng
041 _2eng
_aeng
082 _aE5, P3 Carc
100 _aVollhardt K Peter C
_9717739
245 0 _aOrganic chemistry: Structure and function
_b Schore Neil E
250 _a4
260 _aNew
_bYork W H Freeman and Co.
_c2003
300 _axxix, 1203p+vp
_ccm.
500 _aIndex I1-I26p; ^n23/CSL/CARC/2002-2003/324^d2002-10-28^mPurchase
650 _a Organic
_9717740
650 _aChemistry
700 _a Schore Neil E
_9717741
942 _hE5, P3 Carc
_cTEXL
_2CC
999 _c1212418
_d1212418